000 00664nam a2200241Ia 4500
003 OSt
005 20220918173123.0
006 a|||||r|||| 00| 0
007 ta
008 220917b |||||||| |||| 00| 0 eng d
024 _a5,206
037 _cTextual
040 _aARTS
_cARTS
_beng
041 _2eng
_aeng
082 _aDelta:36, L8
100 _aRajneesh Bhagwan Shree
_945028
245 0 _aRose is a rose is a rose
_b A darshan diary
260 _aPoona
_bRajneesh Foundation
_c1978
300 _a414p,illus
_ccm.
650 _aSPIRITUALISM
942 _hDelta:36, L8
_cTEXL
_2CC
999 _c147284
_d147284